| 000 | 01575nam a22003257a 4500 | ||
|---|---|---|---|
| 001 | 17827878 | ||
| 005 | 20230626082827.0 | ||
| 008 | 230626b |||||||| |||| 00| 0 eng d | ||
| 016 | _a20110103009 | ||
| 020 | _a9780373528196 | ||
| 020 | _a0373528191 | ||
| 035 | _a(OCoLC)ocn729573292 | ||
| 040 |
_aZGX _cKMU _dKMU _erda |
||
| 042 | _alccopycat | ||
| 050 | 0 | 0 | _aPS 3558.U58 W57 |
| 100 | 1 | _aHunter, Kelly. | |
| 245 | 1 | 0 |
_aWith this fling-- / _cKelly Hunter. |
| 260 |
_aToronto ; _aNew York : _bHarlequin, _c2011. |
||
| 300 |
_a184, [8] p. ; _c17 cm. |
||
| 490 | 0 |
_aHarlequin presents extra ; _v155 |
|
| 490 | 0 | _aP.S. I'm pregnant! | |
| 520 | _a"Successful archaeologist Charlotte Greenstone has no time for men, so invents a convenient one--who bears a highly inconvenient resemblance to sexy stranger Greyson Tyler! To protect her mortifying white lie, Charlott begs Grey to act as her temporary fiancé... One glimps of Charlotte's killer curves, and Grey can't resist making his own outrageous proposition--he'll pretend to be her fiancé...if they can enjoy all the benefits of being a couple! Smoking-hot Grey is definitely fling material, but Charlotte knows that's all it can ever be...isn't it?"--P. [4] of cover. | ||
| 650 | 0 |
_aWomen archaeologists _vFiction. |
|
| 650 | 0 |
_aMan-woman relationships _vFiction. |
|
| 655 | 7 |
_aLove stories. _2gsafd |
|
| 710 | 2 |
_aCopyright Paperback Collection (Library of Congress) _5DLC |
|
| 906 |
_a7 _bcbc _ccopycat _d2 _encip _f20 _gy-gencatlg |
||
| 942 |
_2lcc _cFM _n0 |
||
| 999 |
_c455 _d455 |
||